Statistics for Events in Great Britain - name the venue

Click here to take the quiz!

General Stats

  • This quiz has been taken 51 times
    (46 since last reset)
  • The average score is 13 of 28

Answer Stats

Event Location % Correct
FA Cup FinalWembley Stadium
89%
The Championships (Tennis)Wimbledon
86%
Fringe FestivalEdinburgh
86%
Grand NationalAintree racecourse
75%
One Day Cup Final (Cricket)Lords
75%
Last Night of the PromsRoyal Albert Hall
75%
Premiership Rugby FinalTwickenham
70%
Three Peaks ChallengeBen Nevis
68%
Jorvik Viking FestivalYork
68%
Royal RegattaHenley
64%
F1 British Grand PrixSilverstone
61%
The DerbyEpsom racecourse
61%
World Snooker ChampionshipCrucible Theatre, Sheffield
59%
Three Peaks ChallengeSnowdon
59%
Scottish FA Cup FinalHampden Park
52%
Three Peaks ChallengeScaffell Pike
41%
Goose Fair (UK's biggest)Nottingham
36%
The Boat Race (Start - Finish)Putney
34%
Festival of SpeedGoodwood
32%
10,000 GuineasNewmarket racecourse
32%
Trooping the ColourHorse Guards Parade
30%
CruftsNEC, Birmingham
30%
The Boat Race (Start - Finish)Mortlake
18%
Glastonbury FestivalWorthy Farm
11%
LEJOG (Start - Finish)Land's End
9%
London Boat ShowExcel London
9%
LEJOG (Start - Finish)John o'Groats
9%
Royal International Air TattooRAF Fairford
5%

Score Distribution

Percentile by Number Answered

Percent of People with Each Score

Your Score History

You have not taken this quiz since the last reset